You have the power to create love : take another step on the simple path to happiness (Record no. 9381)
[ view plain ]
| 000 -LEADER | |
|---|---|
| fixed length control field | 00617nam a22002057a 4500 |
| 003 - CONTROL NUMBER IDENTIFIER | |
| control field | OSt |
| 005 - DATE AND TIME OF LATEST TRANSACTION | |
| control field | 20260413064636.0 |
| 008 - FIXED-LENGTH DATA ELEMENTS--GENERAL INFORMATION | |
| fixed length control field | 260413b |||||||| |||| 00| 0 eng d |
| 040 ## - CATALOGING SOURCE | |
| Original cataloging agency | DWCL-Main Lib |
| Transcribing agency | OC |
| 082 ## - DEWEY DECIMAL CLASSIFICATION NUMBER | |
| Classification number | Prof. 170 Sa211 2007 |
| 100 ## - MAIN ENTRY--PERSONAL NAME | |
| Personal name | Sanchez, Bo |
| 245 ## - TITLE STATEMENT | |
| Title | You have the power to create love : take another step on the simple path to happiness |
| 260 ## - PUBLICATION, DISTRIBUTION, ETC. | |
| Place of publication, distribution, etc. | Quezon City : |
| Name of publisher, distributor, etc. | Shepherd's voice Publications, |
| Date of publication, distribution, etc. | c 2007. |
| 300 ## - PHYSICAL DESCRIPTION | |
| Extent | 153 p. ; |
| Dimensions | 18 cm. |
| 490 ## - SERIES STATEMENT | |
| Series statement | (The Boss series 3rd) |
| 650 ## - SUBJECT ADDED ENTRY--TOPICAL TERM | |
| Topical term or geographic name entry element | Conduct of life. |
| 650 ## - SUBJECT ADDED ENTRY--TOPICAL TERM | |
| Topical term or geographic name entry element | Happiness. |
| 650 ## - SUBJECT ADDED ENTRY--TOPICAL TERM | |
| Topical term or geographic name entry element | Love. |
| 942 ## - ADDED ENTRY ELEMENTS (KOHA) | |
| Source of classification or shelving scheme | Dewey Decimal Classification |
| Koha item type | Professional Collections |
| Call number suffix | Prof. |
| Suppress in OPAC | No |
| 952 ## - LOCATION AND ITEM INFORMATION (KOHA) | |
| -- | |
| Withdrawn status | Lost status | Source of classification or shelving scheme | Damaged status | Not for loan | Home library | Current library | Shelving location | Date acquired | Source of acquisition | Cost, normal purchase price | Total Checkouts | Full call number | Barcode | Date last seen | Copy number | Price effective from | Koha item type | Uniform Resource Identifier |
|---|---|---|---|---|---|---|---|---|---|---|---|---|---|---|---|---|---|---|
| Dewey Decimal Classification | Junior High School Library | Junior High School Library | Professional | 12/01/2009 | Library Fund | 750.00 | Prof. 170 Sa211 2007 | JHS - 15465 | 04/13/2026 | c1 | 04/13/2026 | PROF. |